000 00286nam a22001337a 4500
082 _a894.812.3
_bMAN/K
100 _aMANOHARAVARMMA, M.R
245 _aKOLANI VAZCHA
260 _aCALICUT
_bPOORNA PUBLICATIONS
_c1996
300 _a182
520 _aNOVEL
650 _aNOVEL
942 _cBK
999 _c5085
_d5085